Kontrola kvality výroby v socialistickém průmyslovém podniku : určeno pro posluchače fakulty výrobně-ekonomické /

Uložené v:
Podrobná bibliografia
Hlavný autor: Štelmach, Karel (Author)
Médium: Kniha
Jazyk:Czech
Vydané: Praha : Státní pedagogické nakladatelství, 1958
Vydanie:1. vyd.
Edícia:Učební texty vysokých škol
ISBN: (brož.)
Fyzický popis: 28 s. : grafy.
Tagy: Pridať tag
Žiadne tagy, Buďte prvý kto otaguje tento záznam!

MARC

LEADER 00000nam a22000001 4500
001 000122708
005 20100925154254.0
008 980216s1958 xr e cze d
020 |a (brož.)  |c Kčs 1,25 
040 |a SVKKK  |b slo  |c SVKKK  |e AACR2 
041 0 |a cze 
044 |a xr  |c CZ 
100 1 |a Štelmach, Karel  |4 aut 
245 1 0 |a Kontrola kvality výroby v socialistickém průmyslovém podniku :  |b určeno pro posluchače fakulty výrobně-ekonomické /  |c Karel Štelmach. 
250 |a 1. vyd. 
260 |a Praha :  |b Státní pedagogické nakladatelství,  |c 1958  |f (Praž. tisk. 06) 
300 |a 28 s. :  |b grafy. 
490 1 |a Učební texty vysokých škol 
500 |a Vyd. Vysoká škola ekonomická v Prahe 
910 |a svkkk 
998 |a BK 
090 |g SCKHL  |k Sklad Pribinova 3. posch.  |a V.22036  |j 161606  |i 2720864133  |s Prezenčne